Jim Carrey Characters - Statistics

General Stats
  • This quiz has been taken 42 times
  • The average score is 6 of 20
Answer Stats
Picture Answer % Correct
The Grinch
92%
Ace Ventura
89%
The Mask
75%
The Riddler
53%
Mr. Popper
50%
Dr. Robotnik
44%
Andy Kaufman
36%
Lloyd Christmas
36%
Fire Marshall Bill
19%
Bruce Nolan
17%
Truman Burbank
17%
Chip Douglas
11%
Dick Harper
11%
Fletcher Reede
11%
Carl Allen
8%
Col. Stars and Stripes
8%
Charlie Baileygates/Hank Evans
6%
Joel Barish
6%
Walter Sparrow
6%
Tony Maroni
3%
No matching quizzes found
Score Distribution
Percent of People with Each Score
Percentile by Number Answered
Your Score History
You have not taken this quiz